000 00456nam a2200157 i 4500
001 23161
003 ES-MaACL
005 20230906152826.0
007 t|
008 021209s1929 po ||||1| por d
100 1 _aCunha, Manuel Alves da (
_d1872-1947)
_921033
245 1 0 _aPortugal
_b: a sua acçao missionaria /
_cM. Alves da Cunha.
260 _aLisboa :
_b[s.n.],
_c1929 (
_fImp. Nacional)
300 _a38 p. ;
_c25 cm.
852 _aES-MaACL
_j1745-F-9
999 _c23161
_d23161